| 000 | 00399 a2200145 4500 | ||
|---|---|---|---|
| 999 |
_c7320 _d7320 |
||
| 020 | _a0195154665 (cloth : alk. paper) | ||
| 020 | _a9780195340563 | ||
| 100 | 1 | _aKieckhefer, Richard. | |
| 245 | 1 | 0 | _aTheology in stone : |
| 260 |
_aNew York : _bOxford University Press, _c2004. |
||
| 300 |
_aix, 372 p. : _bill. ; |
||
| 650 | 0 | _aChurch architecture. | |
| 650 | 0 | _aLiturgy and architecture. | |
| 942 | _cUG | ||